Lapau (Record no. 8967)

MARC details
000 -LEADER
fixed length control field 00383nam a22001577a 4500
003 - CONTROL NUMBER IDENTIFIER
control field GBCCL
005 - DATE AND TIME OF LATEST TRANSACTION
control field 20241126110702.0
008 - FIXED-LENGTH DATA ELEMENTS--GENERAL INFORMATION
fixed length control field 220208b ||||| |||| 00| 0 eng d
040 ## - CATALOGING SOURCE
Transcribing agency GBC
082 ## - DEWEY DECIMAL CLASSIFICATION NUMBER
Classification number VER 411
Item number KAM
100 ## - MAIN ENTRY--PERSONAL NAME
Personal name Kamkhenthang, H
9 (RLIN) 3358
245 ## - TITLE STATEMENT
Title Lapau
Statement of responsibility, etc. by Dr H Kamkhenthang
260 ## - PUBLICATION, DISTRIBUTION, ETC.
Place of publication, distribution, etc. Imphal :
Name of publisher, distributor, etc. T Chingzaman
Date of publication, distribution, etc. 1990.
300 ## - PHYSICAL DESCRIPTION
Extent 147p. ;
942 ## - ADDED ENTRY ELEMENTS (KOHA)
Source of classification or shelving scheme Dewey Decimal Classification
Koha item type Books
Holdings
Withdrawn status Lost status Source of classification or shelving scheme Damaged status Not for loan Home library Current Library Shelving location Date acquired Total checkouts Full call number Barcode Date last seen Copy number Price effective from Koha item type
    Dewey Decimal Classification     GRACE BIBLE COLLEGE GRACE BIBLE COLLEGE Vernacular 2022-02-08   VER 411 KAM 005208 2025-05-01 c.1 2022-02-08 Books
    Dewey Decimal Classification     GRACE BIBLE COLLEGE GRACE BIBLE COLLEGE Vernacular 2022-02-09   VER 411 KAM 005233 2025-05-01 c.2 2022-02-09 Books
© Grace Bible College Library 2025